Statystyki dla Wszystkie miejscowości w Polsce na literę A

Kliknij tutaj aby rozwiązać quiz!

Ogólne statystyki

  • Ten quiz został rozwiązany 48 razy
  • Średni wynik to 71 z 443

Statystyki odpowiedzi

WojewództwoPopulacjaMiejscowość% Poprawnych
Podlaskie29729Augustów
74%
Mazowieckie-Augustów
74%
Mazowieckie536Augustów
74%
Mazowieckie672Augustów
74%
Łódzkie57Augustów
74%
Łódzkie-Augustów
74%
Mazowieckie539Augustów
74%
Mazowieckie146Aleksandrów
64%
Mazowieckie307Aleksandrów
64%
Łódzkie218Aleksandrów
64%
Lubelskie509Aleksandrów
64%
Opolskie63Aleksandrów
64%
Lubelskie238Aleksandrów
64%
Mazowieckie455Aleksandrów
64%
Mazowieckie63Aleksandrów
64%
Mazowieckie67Aleksandrów
64%
Mazowieckie77Aleksandrów
64%
Świętokrzyskie85Aleksandrów
64%
Wielkopolskie91Aleksandrów
64%
Mazowieckie104Aleksandrów
64%
Mazowieckie146Aleksandrów
64%
Wielkopolskie105Aleksandrów
64%
Śląskie107Aleksandrów
64%
Mazowieckie151Aleksandrów
64%
Mazowieckie111Aleksandrów
64%
Mazowieckie118Aleksandrów
64%
Śląskie130Aleksandrów
64%
Łódzkie149Aleksandrów
64%
Mazowieckie258Aleksandrów
64%
Łódzkie141Aleksandrów
64%
Lubelskie141Aleksandrów
64%
Mazowieckie281Aleksandrów
64%
Łódzkie202Aleksandrów
64%
Świętokrzyskie57Aleksandrów
64%
Mazowieckie-Aleksandrów
64%
Łódzkie-Aleksandrów
64%
Łódzkie-Aleksandrów
64%
Łódzkie34Aleksandrów
64%
Łódzkie4Aleksandrów
64%
Lubelskie3199Aleksandrów
64%
Wielkopolskie-Aleksandrów
64%
Mazowieckie48Aleksandrów
64%
Małopolskie19524Andrychów
55%
Kujawsko-Pomorskie11910Aleksandrów Kujawski
50%
Łódzkie21789Aleksandrów Łódzki
50%
Mazowieckie-Annopol
48%
Mazowieckie73Annopol
48%
Mazowieckie134Annopol
48%
Mazowieckie93Annopol
48%
Lubelskie2383Annopol
48%
Wielkopolskie97Annopol
48%
Lubelskie205Annopol
48%
Lubelskie64Annopol
48%
Łódzkie-Andrzejów
43%
Lubelskie611Andrzejów
43%
Łódzkie-Andrzejów
43%
Łódzkie155Andrzejów
43%
Lubelskie157Andrzejów
43%
Mazowieckie112Andrzejów
43%
Lubelskie218Andrzejów
43%
Mazowieckie79Andrzejów
43%
Świętokrzyskie233Adamów
40%
Świętokrzyskie126Adamów
40%
Świętokrzyskie48Adamów
40%
Mazowieckie63Adamów
40%
Mazowieckie138Adamów
40%
Mazowieckie36Adamów
40%
Lubelskie1944Adamów
40%
Łódzkie62Adamów
40%
Łódzkie62Adamów
40%
Łódzkie62Adamów
40%
Łódzkie148Adamów
40%
Wielkopolskie476Adamów
40%
Łódzkie199Adamów
40%
Łódzkie177Adamów
40%
Lubelskie154Adamów
40%
Mazowieckie67Adamów
40%
Łódzkie31Adamów
40%
Łódzkie75Adamów
40%
Lubelskie420Adamów
40%
Świętokrzyskie948Adamów
40%
Śląskie418Adamów
40%
Mazowieckie76Adamów
40%
Łódzkie-Adamów
40%
Łódzkie100Adamów
40%
Łódzkie31Adamów
40%
Wielkopolskie96Adamów
40%
Mazowieckie90Adamów
40%
Mazowieckie63Adamów
40%
Małopolskie3310Alwernia
31%
Łódzkie-Adamowice
21%
Mazowieckie112Adamowice
21%
Małopolskie92Adamowice
21%
Śląskie926Adamowice
21%
Podlaskie91Aleksandrowo
21%
Kujawsko-Pomorskie-Aleksandrowo
21%
Kujawsko-Pomorskie63Aleksandrowo
21%
Mazowieckie48Aleksandrowo
21%
Mazowieckie181Aleksandrowo
21%
Podlaskie77Aleksandrowo
21%
Mazowieckie129Aleksandrowo
21%
Podlaskie93Aleksandrowo
21%
Wielkopolskie106Aleksandrowo
21%
Kujawsko-Pomorskie281Aleksandrowo
21%
Lubelskie58Ameryka
21%
Lubelskie213Annów
19%
Mazowieckie-Annów
19%
Łódzkie-Annów
19%
Łódzkie187Annów
19%
Mazowieckie78Augustowo
19%
Kujawsko-Pomorskie-Augustowo
19%
Wielkopolskie60Augustowo
19%
Wielkopolskie57Augustowo
19%
Podlaskie582Augustowo
19%
Mazowieckie173Augustowo
19%
Wielkopolskie99Augustowo
19%
Kujawsko-Pomorskie-Augustowo
19%
Wielkopolskie166Augustowo
19%
Wielkopolskie556Aleksandria
17%
Mazowieckie193Aleksandria
17%
Mazowieckie20Aleksandria
17%
Łódzkie200Aleksandria
17%
Śląskie2510Aleksandria
17%
Podlaskie107Antonin
17%
Pomorskie74Antonin
17%
Łódzkie-Antonin
17%
Wielkopolskie137Antonin
17%
Wielkopolskie-Antonin
17%
Łódzkie104Antonin
17%
Wielkopolskie461Antonin
17%
Wielkopolskie406Antonin
17%
Mazowieckie51Adamowo
14%
Mazowieckie50Adamowo
14%
Wielkopolskie1181Adamowo
14%
Mazowieckie29Adamowo
14%
Mazowieckie21Adamowo
14%
Warmińsko-Mazurskie214Adamowo
14%
Mazowieckie69Adamowo
14%
Mazowieckie17Adamowo
14%
Mazowieckie71Adamowo
14%
Kujawsko-Pomorskie102Adamowo
14%
Warmińsko-Mazurskie77Adamowo
14%
Pomorskie193Adamowo
14%
Warmińsko-Mazurskie74Adamowo
14%
Kujawsko-Pomorskie156Adamowo
14%
Warmińsko-Mazurskie259Adamowo
14%
Wielkopolskie112Adamowo
14%
Mazowieckie44Adampol
14%
Mazowieckie264Adampol
14%
Małopolskie718Aleksandrowice
14%
Dolnośląskie76Aleksandrowice
14%
Lubelskie149Anielin
14%
Łódzkie61Anielin
14%
Łódzkie151Anielin
14%
Wielkopolskie213Anielin
14%
Mazowieckie72Anielin
14%
Mazowieckie127Anielin
14%
Mazowieckie330Anielin
14%
Mazowieckie72Anielin
14%
Łódzkie55Anielin
14%
Lubelskie81Anielin
14%
Łódzkie115Anielin
14%
Mazowieckie107Anielin
14%
Kujawsko-Pomorskie-Anielin
14%
Łódzkie-Anielin
14%
Łódzkie293Anielin
14%
Mazowieckie94Anielin
14%
Lubelskie595Abramów
12%
Lubelskie128Abramów
12%
Śląskie104Aleksandrówka
12%
Mazowieckie1021Aleksandrówka
12%
Lubelskie78Aleksandrówka
12%
Lubelskie191Aleksandrówka
12%
Podlaskie15Aleksandrówka
12%
Mazowieckie141Aleksandrówka
12%
Łódzkie-Aleksandrówka
12%
Lubelskie372Aleksandrówka
12%
Lubelskie63Aleksandrówka
12%
Wielkopolskie66Aleksandrówka
12%
Mazowieckie678Aleksandrówka
12%
Mazowieckie62Aleksandrówka
12%
Łódzkie64Aleksandrówka
12%
Mazowieckie93Aleksandrówka
12%
Mazowieckie837Andrzejewo
12%
Podlaskie47Andrzejewo
12%
Mazowieckie174Antoninów
12%
Łódzkie257Antoninów
12%
Mazowieckie200Antoninów
12%
Mazowieckie153Antoninów
12%
Łódzkie67Antoninów
12%
Lubelskie81Augustówka
12%
Mazowieckie1011Augustówka
12%
Śląskie319Albertów
10%
Łódzkie102Albertów
10%
Łódzkie60Albertów
10%
Łódzkie42Albertów
10%
Lubelskie395Albertów
10%
Wielkopolskie176Albertów
10%
Podlaskie62Andrzejki
10%
Małopolskie468Andrzejówka
10%
Lubelskie85Andrzejówka
10%
Lubelskie194Andrzejówka
10%
Mazowieckie95Andrzejówka
10%
Kujawsko-Pomorskie185Annowo
10%
Kujawsko-Pomorskie-Annowo
10%
Kujawsko-Pomorskie158Annowo
10%
Wielkopolskie-Annowo
10%
Kujawsko-Pomorskie301Annowo
10%
Mazowieckie343Augustówek
10%
Świętokrzyskie187Adamek
7%
Małopolskie260Adamierz
7%
Wielkopolskie79Adamierz
7%
Podkarpackie1175Adamówka
7%
Lubelskie100Adamówka
7%
Łódzkie20Afryka
7%
Łódzkie-Aleksandrówek
7%
Łódzkie-Aleksandrówek
7%
Wielkopolskie38Aleksandrówek
7%
Łódzkie104Aleksandrówek
7%
Łódzkie-Amelin
7%
Lubelskie90Amelin
7%
Lubelskie80Amelin
7%
Mazowieckie215Amelin
7%
Łódzkie3281Andrespol
7%
Mazowieckie178Anielew
7%
Wielkopolskie88Anielew
7%
Mazowieckie879Antonie
7%
Śląskie-Antonie
7%
Podkarpackie692Antoniów
7%
Dolnośląskie97Antoniów
7%
Lubelskie232Antoniów
7%
Mazowieckie195Antoniów
7%
Mazowieckie43Antoniów
7%
Mazowieckie70Antoniów
7%
Łódzkie90Antoniów
7%
Łódzkie-Antoniów
7%
Opolskie1156Antoniów
7%
Świętokrzyskie111Antoniów
7%
Łódzkie155Antoniów
7%
Mazowieckie-Antoniów
7%
Śląskie-Antoniów
7%
Śląskie165Antonów
7%
Mazowieckie49Adamczycha
5%
Łódzkie213Adamki
5%
Kujawsko-Pomorskie176Adamki
5%
Świętokrzyskie-Akwizgran
5%
Lubelskie315Alojzów
5%
Lubelskie198Alojzów
5%
Mazowieckie157Alojzów
5%
Mazowieckie117Anielów
5%
Wielkopolskie136Annopole
5%
Łódzkie-Antoniew
5%
Łódzkie-Antoniew
5%
Łódzkie696Antoniew
5%
Mazowieckie253Antoniew
5%
Mazowieckie-Antoniew
5%
Łódzkie114Antoniew
5%
Mazowieckie206Antoniew
5%
Łódzkie147Antoniew
5%
Mazowieckie58Antoniewo
5%
Mazowieckie85Antoniewo
5%
Kujawsko-Pomorskie51Antoniewo
5%
Mazowieckie113Antoniewo
5%
Wielkopolskie164Antoniewo
5%
Pomorskie193Antoniewo
5%
Kujawsko-Pomorskie81Antoniewo
5%
Łódzkie136Antonina
5%
Łódzkie54Antonina
5%
Mazowieckie68Antonina
5%
Łódzkie133Antonina
5%
Mazowieckie107Antonina
5%
Lubelskie111Anusin
5%
Mazowieckie188Anusin
5%
Podlaskie246Anusin
5%
Łódzkie-Anusin
5%
Kujawsko-Pomorskie102Anusin
5%
Łódzkie244Arkadia
5%
Lubelskie25Abramowice Kościelne
2%
Wielkopolskie226Adamin
2%
Łódzkie98Adamka
2%
Mazowieckie38Adamówek
2%
Mazowieckie292Adamówek
2%
Podlaskie61Adamowizna
2%
Mazowieckie1398Adamowizna
2%
Łódzkie-Adolfów
2%
Mazowieckie45Adolfów
2%
Lubelskie133Agatówka
2%
Podkarpackie-Agatówka
2%
Kujawsko-Pomorskie83Agnieszkowo
2%
Mazowieckie167Agnieszkowo
2%
Podkarpackie282Aksmanice
2%
Łódzkie-Alfonsów
2%
Łódzkie87Alfonsów
2%
Mazowieckie129Alfonsów
2%
Łódzkie-Alfonsów
2%
Wielkopolskie70Alinowo
2%
Mazowieckie573Altanka
2%
Podlaskie299Andryjanki
2%
Mazowieckie294Andzin
2%
Wielkopolskie176Anielewo
2%
Wielkopolskie46Anielewo
2%
Mazowieckie251Anielinek
2%
Zachodniopomorskie59Anielino
2%
Warmińsko-Mazurskie165Aniołowo
2%
Wielkopolskie-Annówka
2%
Lubelskie58Annówka
2%
Warmińsko-Mazurskie26Antonia
2%
Mazowieckie71Antonia
2%
Mazowieckie79Antoninek
2%
Lubelskie92Antonówka
2%
Warmińsko-Mazurskie426Antonowo
2%
Lubelskie104Antopol
2%
Podlaskie37Antosin
2%
Mazowieckie91Antosin
2%
Mazowieckie217Arynów
2%
Podlaskie103Ateny
2%
Łódzkie154Augustopol
2%
Łódzkie57Augustynów
2%
Łódzkie338Augustynów
2%
Wielkopolskie126Augustynów
2%
Wielkopolskie136Augustynów
2%
Łódzkie114Augustynów
2%
Kujawsko-Pomorskie208Augustynowo
2%
Lubelskie109Aurelin
2%
Lubelskie841Abramowice Prywatne
0%
Mazowieckie39Abramy
0%
Podlaskie51Achrymowce
0%
Świętokrzyskie210Adamczowice
0%
Kujawsko-Pomorskie101Adaminowo
0%
Kujawsko-Pomorskie-Adamkowo
0%
Mazowieckie248Adamowa Góra
0%
Mazowieckie14Adamów Drwalewski
0%
Podlaskie86Adamowo-Zastawa
0%
Mazowieckie250Adamów-Parcel
0%
Mazowieckie72Adamów Rososki
0%
Mazowieckie279Adamów-Wieś
0%
Podlaskie42Adamusy
0%
Mazowieckie199Adelin
0%
Lubelskie80Adelina
0%
Lubelskie140Adelina
0%
Łódzkie-Adelinów
0%
Mazowieckie503Adolfin
0%
Wielkopolskie142Adolfowo
0%
Łódzkie58Agnopol
0%
Podlaskie45Agrafinówka
0%
Wielkopolskie209Albertowsko
0%
Podkarpackie3008Albigowa
0%
Łódzkie103Albinów
0%
Mazowieckie94Albinów
0%
Mazowieckie48Albinów
0%
Lubelskie60Albinów Duży
0%
Lubelskie43Albinów Mały
0%
Lubelskie102Aleksandria Krzywowolska
0%
Lubelskie65Aleksandria Niedziałowska
0%
Mazowieckie146Aleksandrów Duży
0%
Śląskie-Aleksandrów k. Wąsosza
0%
Mazowieckie7Aleksandrynów
0%
Podlaskie33Aleksicze
0%
Podlaskie25Aleksiejówka
0%
Mazowieckie37Alfonsowo
0%
Podkarpackie745Alfredówka
0%
Kujawsko-Pomorskie-Altana
0%
Śląskie92Amandów
0%
Łódzkie286Ambrożew
0%
Świętokrzyskie463Ambrożów
0%
Łódzkie29Anastazew
0%
Mazowieckie176Anastazew
0%
Wielkopolskie149Anastazewo
0%
Łódzkie-Anastazów
0%
Mazowieckie56Anatolin
0%
Podlaskie51Ancuty
0%
Świętokrzyskie323Andruszkowice
0%
Podlaskie69Andrychy
0%
Mazowieckie80Andrzejki-Tyszki
0%
Mazowieckie350Andrzejów Duranowski
0%
Pomorskie271Angowice
0%
Łódzkie328Anielin Swędowski
0%
Kujawsko-Pomorskie427Anieliny
0%
Lubelskie51Anielówka
0%
Lubelskie83Anielpol
0%
Wielkopolskie142Aniołka Pierwsza
0%
Pomorskie116Ankamaty
0%
Wielkopolskie245Annapol
0%
Łódzkie-Annetów
0%
Lubelskie285Annobór
0%
Śląskie164Annolesie
0%
Łódzkie151Annolesie
0%
Łódzkie69Annopol Duży
0%
Łódzkie281Annopole Nowe
0%
Łódzkie140Annopole Stare
0%
Łódzkie16Annopol Mały
0%
Łódzkie229Annosław
0%
Lubelskie443Anonin
0%
Łódzkie-Antolin
0%
Lubelskie93Antolin
0%
Lubelskie84Antolin
0%
Małopolskie278Antolka
0%
Śląskie35Antolka
0%
Łódzkie83Antonielów
0%
Świętokrzyskie203Antonielów
0%
Podkarpackie206Antoniki
0%
Wielkopolskie-Antoniny
0%
Lubelskie163Antoniówka
0%
Lubelskie274Antoniówka
0%
Lubelskie252Antoniówka
0%
Lubelskie108Antoniówka
0%
Lubelskie196Antoniówka
0%
Mazowieckie184Antoniówka
0%
Lubelskie43Antoniówka
0%
Mazowieckie578Antoniówka
0%
Łódzkie171Antoniówka
0%
Łódzkie378Antoniówka
0%
Mazowieckie240Antoniówka Świerżowska
0%
Mazowieckie116Antoniówka Wilczkowska
0%
Łódzkie-Apolinów
0%
Łódzkie-Apolonia
0%
Łódzkie-Apolonka
0%
Śląskie56Apolonka
0%
Podlaskie165Arbasy
0%
Mazowieckie369Arcelin
0%
Mazowieckie113Archutówko
0%
Mazowieckie28Archutowo
0%
Mazowieckie55Arciechów
0%
Mazowieckie319Arciechów
0%
Mazowieckie22Arciechówek
0%
Kujawsko-Pomorskie177Arciszewo
0%
Wielkopolskie140Arcugowo
0%
Warmińsko-Mazurskie40Ardapy
0%
Wielkopolskie134Arentowo
0%
Kujawsko-Pomorskie-Ariany
0%
Wielkopolskie213Arkuszewo
0%
Pomorskie193Asmus
0%
Łódzkie196Astachowice
0%
Warmińsko-Mazurskie59Asuny
0%
Mazowieckie141Atalin
0%
Wielkopolskie276Atanazyn
0%
Warmińsko-Mazurskie-Audyniszki
0%
Warmińsko-Mazurskie74Augamy
0%
Wielkopolskie263Auguścin
0%
Podlaskie169Augustynka
0%
Warmińsko-Mazurskie35Augustyny
0%
Podlaskie95Aulakowszczyzna
0%
Warmińsko-Mazurskie62Awajki
0%

Rozkład punktacji

Percentyl według liczby udzielonych odpowiedzi

Procent ludzi z każdym wynikiem

Twoja historia wyników

Nie rozwiązałeś tego quizu